000 00276nam a22001337a 4500
020 _a9788120343931
082 _a339
100 _aGordon,Robert J
245 _aMacroeconomics
250 _a12th
260 _aNew Delhi
_bPHI learning
_c2011
300 _a593
942 _cBK
999 _c2503
_d2503